Pretty Polly

Bibliographic Details
Main Author: Chesney, Marion
Format: Book
Published: Surrey : Severn House Publishers , 1989
Subjects:

MARC

LEADER 00000cam a2200000 7i4500
001 0000000657
002 000000752
005 20000330.0
020 |a 0727817833 
090 0 0 |a F   |b CHE 
100 1 |a Chesney, Marion 
245 1 0 |a Pretty Polly   |c Marion Chesney 
260 |a Surrey :   |b Severn House Publishers ,   |c 1989 
300 |a 167 p. ;   |c 20 cm. 
650 0 0 |a Romance fiction 
999 |a 030479   |b BUKU   |c FICTION   |e PERPUSTAKAAN KOMUNITI PETALING JAYA